[Event "Saratov Region-ch Seniors"]
[Site "Saratov"]
[Date "2015.11.02"]
[Round "1"]
[White "Dmitriev, Igor"]
[Black "Ledenev, Gennadiy"]
[Result "1-0"]
[WhiteElo "2228"]
[BlackElo "1714"]
[PlyCount "165"]
[EventDate "2015.11.02"]
[EventType "swiss"]
[EventRounds "7"]
[EventCountry "RUS"]
[SourceTitle "CBM 169 Extra"]
[Source "ChessBase"]
[SourceDate "2015.12.18"]
[SourceVersion "1"]
[SourceVersionDate "2015.12.18"]
[SourceQuality "1"]

1. d4 d5 2. Bg5 c6 3. Nf3 Nd7 4. c4 Ngf6 5. cxd5 cxd5 6. Nc3 e6 7. e3 a6 8. Bd3 h6 9. Bxf6 Qxf6 10. Qa4 Bd6 11. Nb5 Bb8 12. Rc1 0-0 13. Nc7 Bxc7 14. Rxc7 Qd8 15. Qc2 Nf6 16. 0-0 Bd7 17. Rxb7 Qa5 18. Qb3 Bc6 19. Qb6 Qxb6 20. Rxb6 Bb5 21. Bxb5 axb5 22. Rxb5 Rxa2 23. Ne5 Ne4 24. f3 Nd6 25. Rb4 Rc8 26. g4 Rc2 27. Rf2 Rc1+ 28. Kg2 f6 29. Nd3 Rd1 30. b3 Raa1 31. Nf4 Kf7 32. Rc2 Rdc1 33. Rxc1 Rxc1 34. Rb6 Rc2+ 35. Kg3 Ke7 36. Ra6 Rc7 37. b4 g5 38. Nh5 Rb7 39. Nxf6 Kxf6 40. Rxd6 Rxb4 41. f4 Rb3 42. Kf3 gxf4 43. Kxf4 Rb1 44. Ra6 Rf1+ 45. Kg3 Rg1+ 46. Kf3 Rf1+ 47. Kg2 Re1 48. Ra3 Kg5 49. h3 h5 50. gxh5 Kxh5 51. Kf2 Rh1 52. Ra6 Rxh3 53. Rxe6 Kg4 54. Ke2 Rh2+ 55. Kd3 Ra2 56. Kc3 Ra1 57. Re5 Kf3 58. Rxd5 Kxe3 59. Re5+ Kf4 60. Re2 Rc1+ 61. Kd3 Kf5 62. d5 Kf6 63. Kd4 Ra1 64. Kc5 Ra5+ 65. Kc6 Ra6+ 66. Kb5 Rd6 67. Kc5 Rd8 68. d6 Rc8+ 69. Kd5 Rc1 70. Rf2+ Kg7 71. Rf5 Kg6 72. Rf4 Kg5 73. Rf3 Kg6 74. Ke6 Re1+ 75. Kd7 Kg7 76. Kd8 Rd1 77. d7 Rd2 78. Rf4 Rd1 79. Ke7 Re1+ 80. Kd6 Rd1+ 81. Ke6 Kg6 82. Rg4+ Kh6 83. Rg8 1-0

[Event "Saratov-ch"]
[Site "Saratov"]
[Date "2014.03.01"]
[Round "6"]
[White "Ledenev, Gennadiy"]
[Black "Stepanov, Nikolay"]
[Result "0-1"]
[WhiteElo "1741"]
[BlackElo "1572"]
[PlyCount "102"]
[EventDate "2014.02.24"]
[EventType "swiss"]
[EventRounds "9"]
[EventCountry "RUS"]
[SourceTitle "CBM 159 Extra"]
[Source "ChessBase"]
[SourceDate "2014.04.24"]
[SourceVersion "1"]
[SourceVersionDate "2014.04.24"]
[SourceQuality "1"]

1. d4 Nf6 2. c4 e6 3. Nc3 Bb4 4. Bg5 c5 5. d5 Bxc3+ 6. bxc3 Qa5 7. Bxf6 gxf6 8. Qd3 b6 9. e4 d6 10. f4 Ke7 11. Nf3 Nd7 12. a4 a6 13. dxe6 fxe6 14. Rd1 Qxa4 15. Qxd6+ Kf7 16. Qd3 Rd8 17. f5 Qc6 18. fxe6+ Qxe6 19. Qd5 Qxd5 20. exd5 Re8+ 21. Kf2 a5 22. Bd3 h5 23. Nh4 Ne5 24. Be2 Ng4+ 25. Bxg4 Bxg4 26. Nf3 a4 27. Rb1 Ra6 28. h3 Bf5 29. Rbe1 a3 30. Rxe8 Kxe8 31. Ke3 a2 32. Ra1 Bb1 33. Nd2 Bc2 34. Ne4 Ke7 35. g3 f5 36. Nf2 Bb3 37. Nd3 Bxc4 38. Nf4 b5 39. Nxh5 Bxd5 40. Nf4 Bf7 41. Kd2 Kd6 42. Kc2 b4 43. cxb4 cxb4 44. Nd3 Rc6+ 45. Kb2 Rc3 46. Nxb4 Rb3+ 47. Kxa2 Rxb4+ 48. Ka3 Rb3+ 49. Ka4 Rxg3 50. Rf1 Ke5 51. h4 Rg4+ 0-1

[Event "Saratov-ch"]
[Site "Saratov"]
[Date "2014.02.28"]
[Round "5"]
[White "Ledenev, Gennadiy"]
[Black "Dmitrieva, Galina Vladimirovna"]
[Result "1-0"]
[WhiteElo "1741"]
[BlackElo "2228"]
[PlyCount "67"]
[EventDate "2014.02.24"]
[EventType "swiss"]
[EventRounds "9"]
[EventCountry "RUS"]
[SourceTitle "CBM 159 Extra"]
[Source "ChessBase"]
[SourceDate "2014.04.24"]
[SourceVersion "1"]
[SourceVersionDate "2014.04.24"]
[SourceQuality "1"]

1. d4 Nf6 2. c4 g6 3. Nc3 d5 4. cxd5 Nxd5 5. e4 Nxc3 6. bxc3 Bg7 7. Qb3 0-0 8. Bc4 e6 9. Nf3 c5 10. d5 exd5 11. Bxd5 Nc6 12. 0-0 Qc7 13. Rb1 Rb8 14. Qa3 Ne7 15. g3 Nxd5 16. exd5 b6 17. Bf4 Qb7 18. Bxb8 Qxb8 19. c4 Bg4 20. Rfe1 f5 21. Ng5 f4 22. Ne6 Bxe6 23. Rxe6 fxg3 24. hxg3 Bd4 25. Re2 h5 26. Qd3 Rf6 27. Kg2 h4 28. Rbe1 Kg7 29. Re7+ Kh6 30. f4 Rf5 31. Rh1 Rh5 32. Re6 Qg8 33. g4 h3+ 34. Kg3 1-0

[Event "Saratov-ch"]
[Site "Saratov"]
[Date "2014.02.25"]
[Round "2"]
[White "Ledenev, Gennadiy"]
[Black "Lebukhov, Pavel"]
[Result "0-1"]
[WhiteElo "1741"]
[BlackElo "2154"]
[PlyCount "48"]
[EventDate "2014.02.24"]
[EventType "swiss"]
[EventRounds "9"]
[EventCountry "RUS"]
[SourceTitle "CBM 159 Extra"]
[Source "ChessBase"]
[SourceDate "2014.04.24"]
[SourceVersion "1"]
[SourceVersionDate "2014.04.24"]
[SourceQuality "1"]

1. Nf3 Nf6 2. b3 g6 3. Bb2 Bg7 4. d4 d6 5. c4 c6 6. h3 0-0 7. e3 Ne4 8. Bd3 f5 9. Qc2 Nd7 10. Bxe4 fxe4 11. Qxe4 Nc5 12. Qc2 Bf5 13. Qd2 Nd3+ 14. Kf1 e5 15. Ne1 Nxb2 16. Qxb2 exd4 17. exd4 c5 18. Nf3 Bd3+ 19. Kg1 Rxf3 20. gxf3 Qg5+ 21. Kh2 Bxd4 22. Qxd4 cxd4 23. Rg1 Qf4+ 24. Rg3 Qc1 0-1

[Event "Saratov-ch"]
[Site "Saratov"]
[Date "2014.02.24"]
[Round "1"]
[White "Dvoryadkin, Maksim"]
[Black "Ledenev, Gennadiy"]
[Result "1-0"]
[WhiteElo "2026"]
[BlackElo "1741"]
[PlyCount "77"]
[EventDate "2014.02.24"]
[EventType "swiss"]
[EventRounds "9"]
[EventCountry "RUS"]
[SourceTitle "CBM 159 Extra"]
[Source "ChessBase"]
[SourceDate "2014.04.24"]
[SourceVersion "1"]
[SourceVersionDate "2014.04.24"]
[SourceQuality "1"]

1. d4 Nf6 2. c4 e5 3. dxe5 Ng4 4. Nf3 Nc6 5. e3 Ngxe5 6. Nxe5 Nxe5 7. Be2 a5 8. Nc3 Ra6 9. f4 Ng6 10. 0-0 Bc5 11. Kh1 d6 12. a3 0-0 13. Rb1 Re8 14. e4 f5 15. b4 axb4 16. axb4 Bb6 17. c5 dxc5 18. Bxa6 bxa6 19. bxc5 Bxc5 20. e5 Be6 21. Qa4 Qa8 22. Rd1 Bb6 23. Rb2 h6 24. Re2 a5 25. Be3 Rd8 26. Bxb6 cxb6 27. Rd6 Rxd6 28. exd6 Qc8 29. Qd4 Nf8 30. h3 Qc6 31. Re5 Kf7 32. Re1 Nd7 33. Kh2 Nc5 34. g4 Kg6 35. gxf5+ Bxf5 36. Rg1+ Kh5 37. Qd1+ Kh4 38. Rg4+ Kh5 39. Rg5+ 1-0

[Event "Saratov Region-ch Seniors"]
[Site "Saratov"]
[Date "2013.11.17"]
[Round "7"]
[White "Zhizduk, Vladimir"]
[Black "Ledenev, Gennadiy"]
[Result "1-0"]
[WhiteElo "1925"]
[BlackElo "1755"]
[PlyCount "64"]
[EventDate "2013.11.11"]
[EventType "swiss"]
[EventRounds "7"]
[EventCountry "RUS"]
[SourceTitle "EXT 2015"]
[Source "ChessBase"]
[SourceDate "2014.11.20"]
[SourceVersion "1"]
[SourceVersionDate "2014.11.20"]
[SourceQuality "1"]

1. d4 c6 2. c4 d5 3. Nc3 Bf5 4. cxd5 cxd5 5. Qb3 Qc8 6. Qxd5 e6 7. Qb5+ Qc6 8. e4 Bg6 9. Nf3 a6 10. Qxc6+ Nxc6 11. Be3 Bb4 12. d5 exd5 13. exd5 Nce7 14. 0-0-0 Nf6 15. Bc4 Rc8 16. Bb3 Bxc3 17. bxc3 Rxc3+ 18. Kb2 Rc8 19. Bb6 0-0 20. d6 Nc6 21. d7 Ra8 22. Ba4 Nd8 23. Bc5 Be4 24. Bxf8 Kxf8 25. Rhe1 Bxf3 26. gxf3 b5 27. Bc2 Ra7 28. Bf5 Rc7 29. Rd6 Rc5 30. Rxf6 gxf6 31. Re8+ Kg7 32. Rxd8 Rxf5 1-0

[Event "Saratov Region-ch Seniors"]
[Site "Saratov"]
[Date "2013.11.13"]
[Round "3"]
[White "Ledenev, Gennadiy"]
[Black "Tolkanitsa, Vladimir"]
[Result "0-1"]
[WhiteElo "1755"]
[BlackElo "1725"]
[PlyCount "94"]
[EventDate "2013.11.11"]
[EventType "swiss"]
[EventRounds "7"]
[EventCountry "RUS"]
[SourceTitle "EXT 2015"]
[Source "ChessBase"]
[SourceDate "2014.11.20"]
[SourceVersion "1"]
[SourceVersionDate "2014.11.20"]
[SourceQuality "1"]

1. d4 d5 2. c4 e6 3. Nc3 Nf6 4. Bg5 c5 5. Bxf6 gxf6 6. cxd5 Qb6 7. e3 Qxb2 8. Qc1 Qxc1+ 9. Rxc1 cxd4 10. exd4 Bb4 11. Bb5+ Bd7 12. Bxd7+ Nxd7 13. dxe6 fxe6 14. Nge2 Nb6 15. 0-0 Ke7 16. Nb5 Nd5 17. Nc7 Rad8 18. Nxd5+ Rxd5 19. Rb1 a5 20. a3 Bxa3 21. Rxb7+ Rd7 22. Rfb1 Bb4 23. Rb6 Rc8 24. f4 Rc2 25. Kf1 Rdc7 26. R1xb4 axb4 27. Rxb4 Kd6 28. Rb3 Ra7 29. Kf2 Rca2 30. h3 R2a3 31. Rb2 Rd3 32. Rc2 Re7 33. Ra2 Rb3 34. Rd2 Reb7 35. Rc2 Rb2 36. Rc3 R7b3 37. Rc1 Rd2 38. Kf1 Rbb2 39. Re1 Kd5 40. g4 Kc4 41. g5 fxg5 42. fxg5 Rbc2 43. h4 Kd3 44. Nf4+ Kxd4 45. Nxe6+ Kc4 46. Ng7 Rh2 47. h5 Rh1# 0-1

[Event "Saratov Shestoperov Memorial"]
[Site "Saratov"]
[Date "2013.08.19"]
[Round "8"]
[White "Komova, Mariya"]
[Black "Ledenev, Gennadiy"]
[Result "0-1"]
[WhiteElo "1612"]
[BlackElo "1757"]
[PlyCount "56"]
[EventDate "2013.08.12"]
[EventType "swiss"]
[EventRounds "9"]
[EventCountry "RUS"]
[SourceTitle "CBM 156 Extra"]
[Source "ChessBase"]
[SourceDate "2013.10.22"]
[SourceVersion "1"]
[SourceVersionDate "2013.10.22"]
[SourceQuality "1"]

1. e4 c6 2. d4 d5 3. exd5 cxd5 4. Nc3 g6 5. Nf3 Bg7 6. Bf4 a6 7. Qd2 Nc6 8. 0-0-0 Nf6 9. Re1 0-0 10. Bh6 Bg4 11. Bxg7 Kxg7 12. Ne5 Bf5 13. a3 Rc8 14. f3 Nd7 15. g4 Be6 16. h4 Ndxe5 17. dxe5 d4 18. Nb1 Qd5 19. h5 Rh8 20. h6+ Kf8 21. Qf4 Na5 22. Bd3 Qa2 23. c3 Nb3+ 24. Kc2 Nc5 25. Qxd4 Bb3+ 26. Kc1 e6 27. Re2 Bd5 28. Qf2 Nxd3+ 0-1

[Event "Saratov Shestoperov Memorial"]
[Site "Saratov"]
[Date "2013.08.17"]
[Round "6"]
[White "Ledenev, Gennadiy"]
[Black "Zhizduk, Vladimir"]
[Result "0-1"]
[WhiteElo "1757"]
[BlackElo "1955"]
[PlyCount "116"]
[EventDate "2013.08.12"]
[EventType "swiss"]
[EventRounds "9"]
[EventCountry "RUS"]
[SourceTitle "CBM 156 Extra"]
[Source "ChessBase"]
[SourceDate "2013.10.22"]
[SourceVersion "1"]
[SourceVersionDate "2013.10.22"]
[SourceQuality "1"]

1. d4 d5 2. c4 e6 3. e3 b6 4. Nf3 Bb7 5. Nc3 Nf6 6. a3 Nbd7 7. Be2 Ne4 8. 0-0 Nxc3 9. bxc3 Bd6 10. cxd5 exd5 11. a4 a5 12. Ba3 Bxa3 13. Rxa3 0-0 14. Qc2 Qe7 15. Raa1 f5 16. Bd3 g6 17. Rfe1 Kg7 18. Nd2 Rac8 19. c4 dxc4 20. Bxc4 Nf6 21. f3 Qd6 22. Nb3 Rfe8 23. Rad1 Qa3 24. Ra1 Qb4 25. Qd3 Rcd8 26. Rab1 Qd6 27. Rbd1 Re7 28. Na1 Qb4 29. Bb3 Nd5 30. Rc1 Rde8 31. Nc2 Qc3 32. Qxc3 Nxc3 33. Kf2 Nd5 34. Na3 Nxe3 35. Nb5 Nd5 36. Rxe7+ Rxe7 37. Bxd5 Bxd5 38. Nxc7 Bb3 39. Rc3 Bxa4 40. d5 Rd7 41. d6 Kf7 42. Rd3 Bc6 43. g3 b5 44. Ke3 b4 45. Kd2 Kf6 46. f4 a4 47. Rd4 a3 48. Kc1 b3 49. Nd5+ Bxd5 50. Rxd5 a2 51. Kb2 Rb7 52. Rd1 Ke6 53. d7 Rxd7 54. Re1+ Kf6 55. Kxb3 Rd2 56. Rh1 h5 57. Kc3 Rxh2 58. Rd1 Rg2 0-1

[Event "Saratov Shestoperov Memorial"]
[Site "Saratov"]
[Date "2013.08.15"]
[Round "4"]
[White "Ledenev, Gennadiy"]
[Black "Kavyev, Emil"]
[Result "0-1"]
[WhiteElo "1757"]
[BlackElo "1728"]
[PlyCount "78"]
[EventDate "2013.08.12"]
[EventType "swiss"]
[EventRounds "9"]
[EventCountry "RUS"]
[SourceTitle "CBM 156 Extra"]
[Source "ChessBase"]
[SourceDate "2013.10.22"]
[SourceVersion "1"]
[SourceVersionDate "2013.10.22"]
[SourceQuality "1"]

1. d4 Nf6 2. c4 c5 3. d5 b5 4. cxb5 a6 5. bxa6 Bxa6 6. f3 g6 7. e4 Bxf1 8. Kxf1 d6 9. Nc3 Bg7 10. Nge2 0-0 11. h4 h5 12. Rg1 Nbd7 13. Bf4 Nh7 14. Qd2 Ne5 15. b3 Re8 16. a4 c4 17. Bxe5 Bxe5 18. bxc4 Qc7 19. Qd3 Rec8 20. a5 Qxc4 21. Qxc4 Rxc4 22. Ra3 Rac8 23. Nd1 Rb4 24. a6 Ra8 25. Ne3 Bh2 26. Kf2 Bxg1+ 27. Kxg1 Rb6 28. Nd4 Rbxa6 29. Rxa6 Rxa6 30. Nc6 Kf8 31. Kh2 Nf6 32. Nc4 Nd7 33. N4a5 Ke8 34. f4 Nc5 35. e5 dxe5 36. fxe5 Nd3 37. Nc4 Nf4 38. Ne3 Nxd5 39. Nxd5 Rxc6 0-1

[Event "Saratov-ch"]
[Site "Saratov"]
[Date "2013.02.28"]
[Round "4"]
[White "Guliyev, Hasan Ismayil"]
[Black "Ledenev, Gennadiy"]
[Result "1-0"]
[WhiteElo "1714"]
[BlackElo "1763"]
[PlyCount "71"]
[EventDate "2013.02.25"]
[EventType "swiss"]
[EventRounds "9"]
[EventCountry "RUS"]
[SourceTitle "CBM 153 Extra"]
[Source "ChessBase"]
[SourceDate "2013.04.22"]
[SourceVersion "1"]
[SourceVersionDate "2013.04.22"]
[SourceQuality "1"]

1. e4 c5 2. Nf3 Nc6 3. d4 cxd4 4. Nxd4 g6 5. Nc3 Bg7 6. Be3 Nf6 7. f3 0-0 8. Bc4 d6 9. Qd2 Nxd4 10. Bxd4 Qc7 11. Bb3 a6 12. 0-0-0 b5 13. Bxf6 exf6 14. Qxd6 Qxd6 15. Rxd6 f5 16. Nd5 fxe4 17. fxe4 Be5 18. Ne7+ Kg7 19. Nxc8 Rfxc8 20. Rd7 Rf8 21. Rf1 Bxh2 22. Rfxf7+ Rxf7 23. Rxf7+ Kh6 24. Bd5 Rd8 25. c3 Rd6 26. Kc2 Bg1 27. Kd3 g5 28. Ke2 Kg6 29. Rf5 h6 30. Bf7+ Kg7 31. e5 Rd7 32. e6 Rc7 33. Kd3 Bc5 34. Bh5 Rc8 35. Rxc5 Rxc5 36. e7 1-0

[Event "Saratov-ch"]
[Site "Saratov"]
[Date "2012.03.01"]
[Round "6"]
[White "Ledenev, Gennadiy"]
[Black "Protopopova, Anastasiya"]
[Result "0-1"]
[WhiteElo "1778"]
[BlackElo "1772"]
[PlyCount "122"]
[EventDate "2012.02.24"]
[EventType "swiss"]
[EventRounds "9"]
[EventCountry "RUS"]
[SourceTitle "CBM 147 Extra"]
[Source "ChessBase"]
[SourceDate "2012.04.24"]
[SourceVersion "1"]
[SourceVersionDate "2012.04.24"]
[SourceQuality "1"]

1. e4 c5 2. Nf3 d6 3. d4 cxd4 4. Nxd4 Nf6 5. Nc3 a6 6. Bd3 e5 7. Nf3 Be7 8. h3 Be6 9. Bg5 Nbd7 10. 0-0 0-0 11. Bxf6 Nxf6 12. Re1 Qc7 13. Ng5 Bd7 14. Qd2 b5 15. a3 Bc6 16. Nf3 Rfe8 17. Rad1 Bf8 18. Qg5 Rad8 19. Nh4 h6 20. Qg3 d5 21. exd5 Nxd5 22. Nxd5 Bxd5 23. Nf5 Kh8 24. Re2 g6 25. Ne3 Bc6 26. Ng4 Bg7 27. Rde1 Rd5 28. Be4 Rd6 29. Bxc6 Rxc6 30. Nxe5 Bxe5 31. Rxe5 Rxe5 32. Rxe5 Rxc2 33. Re8+ Kg7 34. Qxc7 Rxc7 35. Ra8 Rc6 36. b4 Kf6 37. Kf1 Ke5 38. Ke2 Kd4 39. Rd8+ Kc3 40. Rd3+ Kb2 41. Kd1 Rc1+ 42. Ke2 Rc3 43. Rd7 Kxa3 44. Rxf7 Kxb4 45. Rf6 a5 46. Rxg6 a4 47. f4 a3 48. Ra6 Kb3 49. f5 a2 50. f6 Rc7 51. g4 Kb2 52. h4 a1Q 53. Rxa1 Kxa1 54. g5 hxg5 55. hxg5 b4 56. g6 b3 57. f7 b2 58. f8Q b1Q 59. Qa8+ Qa2+ 60. Qxa2+ Kxa2 61. Kf3 Rg7 0-1

[Event "Saratov-ch"]
[Site "Saratov"]
[Date "2011.03.02"]
[Round "6"]
[White "Ledenev, Gennadiy"]
[Black "Kvitka, Roman"]
[Result "0-1"]
[WhiteElo "1785"]
[BlackElo "2064"]
[PlyCount "68"]
[EventDate "2011.02.24"]
[EventType "swiss"]
[EventRounds "9"]
[EventCountry "RUS"]
[SourceTitle "CBM 141 Extra"]
[Source "ChessBase"]
[SourceDate "2011.05.03"]
[SourceVersion "1"]
[SourceVersionDate "2011.05.03"]
[SourceQuality "1"]

1. d4 Nf6 2. c4 g6 3. Nc3 Bg7 4. e4 0-0 5. f3 d6 6. Be3 e5 7. d5 Nh5 8. g4 Nf4 9. h4 f5 10. gxf5 gxf5 11. Bxf4 exf4 12. Qd2 Na6 13. Nge2 fxe4 14. Nxe4 Nc5 15. Nxc5 dxc5 16. 0-0-0 Qf6 17. h5 Kh8 18. Nc3 Bf5 19. Bh3 Bxh3 20. Rxh3 Qd4 21. Qxd4 Bxd4 22. Ne4 Rg8 23. Rh2 a6 24. h6 Rg6 25. Kc2 b5 26. Kb3 Rb8 27. Rdd2 Rbb6 28. Rh4 Rxh6 29. Rxh6 Rxh6 30. Rg2 Rh3 31. Ng5 Rg3 32. Rxg3 fxg3 33. Nh3 g2 34. cxb5 axb5 0-1

[Event "Saratov-ch"]
[Site "Saratov"]
[Date "2011.03.01"]
[Round "5"]
[White "Shirobokov, Daniil"]
[Black "Ledenev, Gennadiy"]
[Result "1-0"]
[WhiteElo "1830"]
[BlackElo "1785"]
[PlyCount "53"]
[EventDate "2011.02.24"]
[EventType "swiss"]
[EventRounds "9"]
[EventCountry "RUS"]
[SourceTitle "CBM 141 Extra"]
[Source "ChessBase"]
[SourceDate "2011.05.03"]
[SourceVersion "1"]
[SourceVersionDate "2011.05.03"]
[SourceQuality "1"]

1. e4 g6 2. d4 d6 3. Nf3 Bg7 4. Nc3 Nd7 5. Be3 Ngf6 6. Bc4 0-0 7. e5 Ng4 8. e6 Nxe3 9. exf7+ Kh8 10. fxe3 e5 11. 0-0 Nb6 12. Bb3 Qe7 13. dxe5 dxe5 14. Nd5 Nxd5 15. Qxd5 c6 16. Qc4 e4 17. Nd4 c5 18. Ne6 Bxe6 19. Qxe6 Qxe6 20. Bxe6 Rad8 21. Rad1 Rxd1 22. Rxd1 Bxb2 23. Rb1 Bc3 24. Rxb7 Kg7 25. Rxa7 Kf6 26. Bd5 Ke5 27. Ra8 1-0

[Event "Saratov-ch"]
[Site "Saratov"]
[Date "2011.02.24"]
[Round "1"]
[White "Biryukov, Dmitriy"]
[Black "Ledenev, Gennadiy"]
[Result "1-0"]
[WhiteElo "2384"]
[BlackElo "1785"]
[PlyCount "93"]
[EventDate "2011.02.24"]
[EventType "swiss"]
[EventRounds "9"]
[EventCountry "RUS"]
[SourceTitle "CBM 141 Extra"]
[Source "ChessBase"]
[SourceDate "2011.05.03"]
[SourceVersion "1"]
[SourceVersionDate "2011.05.03"]
[SourceQuality "1"]

1. e4 e5 2. Nf3 Nc6 3. Bb5 d6 4. c3 Nf6 5. Qe2 a6 6. Ba4 Bg4 7. 0-0 b5 8. Bb3 Be7 9. h3 Bh5 10. d3 h6 11. Nbd2 g5 12. g4 Bg6 13. d4 Qd7 14. a4 Rb8 15. axb5 axb5 16. dxe5 dxe5 17. Rd1 Bd6 18. Bc2 h5 19. Nh2 hxg4 20. hxg4 Rh4 21. f3 Ke7 22. Ndf1 Nh7 23. Ne3 f6 24. Bb3 Kf8 25. Kg2 Ne7 26. Nhf1 Bf7 27. Bxf7 Kxf7 28. Ng3 Nf8 29. Nef5 Nxf5 30. Nxf5 Rh8 31. Be3 Ng6 32. Qd2 Nh4+ 33. Nxh4 Rxh4 34. Qd5+ Qe6 35. Bf2 Qxd5 36. Rxd5 Rhh8 37. Ra5 b4 38. c4 Rhd8 39. Ra7 Ke6 40. c5 c6 41. Rxd6+ Rxd6 42. cxd6 Kxd6 43. b3 Rb5 44. Kf1 c5 45. Ra6+ Ke7 46. Rc6 c4 47. Rxc4 1-0

[Event "Saratov-ch"]
[Site "Saratov"]
[Date "2010.03.05"]
[Round "9"]
[White "Ledenev, Gennadiy"]
[Black "Mamonov, Alexey"]
[Result "0-1"]
[WhiteElo "1798"]
[BlackElo "2247"]
[PlyCount "80"]
[EventDate "2010.02.24"]
[EventType "swiss"]
[EventRounds "9"]
[EventCountry "RUS"]
[SourceTitle "EXT 2012"]
[Source "ChessBase"]
[SourceDate "2011.11.24"]
[SourceVersion "1"]
[SourceVersionDate "2011.11.24"]
[SourceQuality "1"]

1. e4 c5 2. Nf3 Nc6 3. d4 cxd4 4. Nxd4 e5 5. Nb5 d6 6. N1c3 a6 7. Na3 Be6 8. Be3 Nf6 9. h3 d5 10. exd5 Nxd5 11. Nxd5 Bxd5 12. Nc4 Be4 13. Nb6 Rb8 14. c3 Nd4 15. Bxd4 exd4 16. Qxd4 Qxd4 17. cxd4 Bb4+ 18. Ke2 Bc6 19. Nc4 0-0 20. a3 Rfe8+ 21. Ne3 Ba5 22. Rd1 Rbc8 23. d5 Ba4 24. Rd4 Bd7 25. g4 Rc2+ 26. Kf3 Rxb2 27. Bc4 b5 28. Be2 Ra2 29. a4 b4 30. Bxa6 Bxa4 31. Nc4 Bd8 32. Nd6 Ree2 33. Bxe2 b3 34. Bc4 Bb6 35. Rhd1 Bxd4 36. Ne4 Ra3 37. d6 b2+ 38. Kf4 Ra1 39. Bxf7+ Kf8 40. d7 Bxd7 0-1

[Event "Saratov RSOCF Cup"]
[Site "Saratov"]
[Date "2010.01.27"]
[Round "9"]
[White "Ledenev, Gennadiy"]
[Black "Popov, Mikhail"]
[Result "1-0"]
[WhiteElo "1798"]
[BlackElo "2007"]
[PlyCount "47"]
[EventDate "2010.01.19"]
[EventType "swiss"]
[EventRounds "9"]
[EventCountry "RUS"]
[SourceTitle "CBM 134 Extra"]
[Source "ChessBase"]
[SourceDate "2010.03.03"]
[SourceVersion "1"]
[SourceVersionDate "2010.03.03"]
[SourceQuality "1"]

1. e4 c5 2. Nf3 d6 3. b3 Nc6 4. Bb2 Nf6 5. Nc3 g6 6. Bb5 a6 7. Bxc6+ bxc6 8. e5 Nd7 9. exd6 exd6 10. Qe2+ Be7 11. Ne4 Ne5 12. Nxe5 dxe5 13. Bxe5 f6 14. Nxf6+ Kf7 15. Ng4 Re8 16. Nh6+ Kf8 17. 0-0 Bf6 18. Qc4 Kg7 19. Qf7+ Kxh6 20. Bxf6 Qd7 21. Bg7+ Kh5 22. Qf3+ Kg5 23. Bf6+ Kh6 24. Qf4+ 1-0